|
|
|
|
| LEADER |
01584nam a2200361Ia 4500 |
| 001 |
EBC3572035 |
| 003 |
MiAaPQ |
| 005 |
20200520144314.0 |
| 006 |
m o d | |
| 007 |
cr cn||||||||| |
| 008 |
900611s2004 ne a sb 100 0 eng d |
| 020 |
|
|
|z 9789076998398
|
| 020 |
|
|
|z 9789086865246
|
| 035 |
|
|
|a (MiAaPQ)EBC3572035
|
| 035 |
|
|
|a (Au-PeEL)EBL3572035
|
| 035 |
|
|
|a (CaPaEBR)ebr10686766
|
| 035 |
|
|
|a (OCoLC)733984198
|
| 040 |
|
|
|a MiAaPQ
|c MiAaPQ
|d MiAaPQ
|
| 050 |
|
4 |
|a SB177.L45
|b I58 2004
|
| 111 |
2 |
|
|a International Workshop on "Antinutritional Factors in Legume Seeds and Oilseeds"
|n (4th :
|d 2004 :
|c Toledo, Spain)
|
| 245 |
1 |
0 |
|a Recent advances of research in antinutritional factors in legume seeds and rapeseed
|h [electronic resource] :
|b proceedings of the fourth international workshop on antinutritional factors in legume seeds and oilseeds /
|c editors, M. Muzquiz ... [et. al.].
|
| 260 |
|
|
|a Wageningen :
|b Wageningen Pers,
|c 2004.
|
| 300 |
|
|
|a 370 p. :
|b ill.
|
| 490 |
1 |
|
|a EAAP publication ;
|v no. 110
|
| 504 |
|
|
|a Includes bibliographical references.
|
| 533 |
|
|
|a Electronic reproduction. Ann Arbor, MI : ProQuest, 2016. Available via World Wide Web. Access may be limited to ProQuest affiliated libraries.
|
| 650 |
|
0 |
|a Legumes
|x Nutrition
|v Congresses.
|
| 650 |
|
0 |
|a Oilseed plants
|x Nutrition
|v Congresses.
|
| 655 |
|
4 |
|a Electronic books.
|
| 700 |
1 |
|
|a Muzquiz, M.
|q (Mercedes)
|
| 710 |
2 |
|
|a ProQuest (Firm)
|
| 830 |
|
0 |
|a EAAP publication ;
|v no. 110.
|
| 856 |
4 |
0 |
|u https://ebookcentral.proquest.com/lib/matrademy/detail.action?docID=3572035
|z Click to View
|